| 000 | 00387nam a22001577a 4500 | ||
|---|---|---|---|
| 999 |
_c1280 _d1280 |
||
| 008 | 200120b ||||| |||| 00| 0 eng d | ||
| 082 | 0 | 0 |
_a620.0042 _b B6144 |
| 100 |
_9873 _aBinns, H. |
||
| 245 | 1 | 0 |
_aEngineering workshop drawing Vol - II _cby H Binns |
| 250 | _a1st | ||
| 260 |
_aLondon _bEUP _c1949 |
||
| 300 | _a129p. | ||
| 365 | _d6.09 | ||
| 650 | 0 | _aMechanical Drawing | |
| 942 | _cBK | ||